000 00332nam a22001217a 4500
008 180419b xxu||||| |||| 00| 0 eng d
041 _aeng
080 _a043.3
100 _a0
101 _aARK-BTH
245 _a"Kampusi Shkollor për nivelin 0 deri 9| çerdhe, fillor dhe i mesëm i ulët" Lipjan
_cGërbeshi, G
942 _2udc
_cBK
999 _c45318
_d45318